Online
Catalog

El código Trujillo de trabajo y las obligaciones de los patronos y de los obreros / (Record no. 29383)

MARC details
000 -CABECERA
campo de control de longitud fija 00787nam a2200205 a 4500
001 - NÚMERO DE CONTROL
campo de control 000029891
005 - FECHA Y HORA DE LA ÚLTIMA TRANSACCIÓN
campo de control 20200930055903.0
008 - DATOS DE LONGITUD FIJA--INFORMACIÓN GENERAL
campo de control de longitud fija 110426s1956 dr r 000 0 spa d
040 ## - FUENTE DE LA CATALOGACIÓN
Centro catalogador/agencia de origen DO-SdBNP
Lengua de catalogación spa
Centro/agencia transcriptor BNPHU
082 ## - NÚMERO DE LA CLASIFICACIÓN DECIMAL DEWEY
Número de clasificación 344.729301
Número de documento/Ítem G216c, 1956
100 1# - ENTRADA PRINCIPAL--NOMBRE DE PERSONA
Nombre de persona García Aybar, José E.
9 (RLIN) 36120
245 10 - MENCIÓN DE TÍTULO
Título El código Trujillo de trabajo y las obligaciones de los patronos y de los obreros /
Mención de responsabilidad, etc. José E. García Aybar.
260 ## - PUBLICACIÓN, DISTRIBUCIÓN, ETC.
Lugar de publicación, distribución, etc. Ciudad Trujillo, República Dominicana :
Nombre del editor, distribuidor, etc. Montalvo,
Fecha de publicación, distribución, etc. 1956.
300 ## - DESCRIPCIÓN FÍSICA
Extensión 32 p. ;
Dimensiones 24 cm.
590 ## - NOTA LOCAL (RLIN)
Nota local Inventariado, 2019/MFF
650 #4 - PUNTO DE ACCESO ADICIONAL DE MATERIA--TÉRMINO DE MATERIA
Término de materia o nombre geográfico como elemento de entrada Derecho laboral
Subdivisión geográfica República Dominicana
9 (RLIN) 7337
650 #4 - PUNTO DE ACCESO ADICIONAL DE MATERIA--TÉRMINO DE MATERIA
Término de materia o nombre geográfico como elemento de entrada Legislación laboral
Subdivisión geográfica República Dominicana
9 (RLIN) 11733
651 #4 - PUNTO DE ACCESO ADICIONAL DE MATERIA--NOMBRE GEOGRÁFICO
Nombre geográfico República Dominicana
Subdivisión general Ley 2920
9 (RLIN) 16444
910 ## - DATOS DE OPCIÓN DEL USUARIO (OCLC)
Datos de opción del usuario Validado. Control de calidad MFF
Holdings
Estado de retiro Estado de pérdida Restricciones de uso No para préstamo Código de colección Localización permanente Ubicación/localización actual Ubicación en estantería Fecha de adquisición Número de inventario Total de préstamos Signatura topográfica completa Código de barras Fecha visto por última vez Precio válido a partir de Tipo de ítem Koha Nota pública Número de copia
      Excluido de préstamo Raros y valiosos General General Depósito 26.04.2011 LF1   344.729301 G216c, 1956 29891-10 25.06.2020 25.06.2020 No se presta Perteneció a la biblioteca personal de Martínez Boog.  
      Excluido de préstamo Raros y valiosos General General Depósito 03.05.2011 LF2   344.729301 G216c, 1956 29891-20 25.06.2020 25.06.2020 No se presta   e.2
        Raros y valiosos General General Depósito 01.08.2011 LF2   344.729301 G216c, 1956 29891-30 25.06.2020 25.06.2020 Préstamo en sala   e.3
        Raros y valiosos General General Depósito 26.07.2019 LF2   344.729301 G216c, 1956 29891-40 25.06.2020 25.06.2020 Préstamo en sala   e.4

Powered by Koha